Transformation of academic libraries in techonology ERA : (Record no. 144911)

MARC details
000 -LEADER
fixed length control field 00778nam a22002177a 4500
005 - DATE AND TIME OF LATEST TRANSACTION
control field 20171013164516.0
010 ## - LCCN (DPL NO)
LC control number ENG-120600
020 ## - INTERNATIONAL STANDARD BOOK NUMBER
International Standard Book Number 9789352220182
Terms of availability 600.00
035 ## - SYSTEM CONTROL NUMBER
System control number EN-104132
037 ## - SOURCE OF ACQUISITION
Source of stock number/acquisition DBAD/PUB
082 ## - DEWEY DECIMAL CLASSIFICATION NUMBER
Classification number 027.7
245 ## - TITLE STATEMENT
Title Transformation of academic libraries in techonology ERA :
Statement of responsibility, etc edited by N. Laxman Rao...[et.al.]
Remainder of title paper of the national semina (12-13 august, 2017) /
260 ## - PUBLICATION, DISTRIBUTION, ETC. (IMPRINT)
Place of publication, distribution, etc Hyderabad
Name of publisher, distributor, etc Telangana Library Association
Date of publication, distribution, etc 2017
260 ## - PUBLICATION, DISTRIBUTION, ETC. (IMPRINT)
Place of publication, distribution, etc Delhi
Name of publisher, distributor, etc Astral International
Date of publication, distribution, etc 2017
270 ## - ADDRESS
Address Telangana Library Association,
City Hyderabad
Postal code 500007
270 ## - ADDRESS
Address Astral International,
City Delhi
Postal code 110002
300 ## - PHYSICAL DESCRIPTION
Extent viii,176p.
Dimensions 24cm(pbk)
700 ## - ADDED ENTRY--PERSONAL NAME
Personal name Rao, N Laxman
700 ## - ADDED ENTRY--PERSONAL NAME
Personal name Rao, S Sudarshan
942 ## - ADDED ENTRY ELEMENTS (KOHA)
Source of classification or shelving scheme Dewey Decimal Classification
Item type English Books
Classification part 027.7
Call number suffix TRA
Holdings
Withdrawn status Lost status Not for loan Collection code Home library Current library Date acquired Source of acquisition Cost, normal purchase price Full call number Barcode Copy number Cost, replacement price Koha item type
      Non-fiction Shahdara Branch Shahdara Branch 19/09/2017 DBAD/PUB. 600.00 027.7 TRA EN-104132 1 600.00 English Books

© Delhi Public Library
Hit Counter
free hit counter